书目信息 |
| 题名: |
联合国概况
|
|
| 作者: | ;联合国新闻厅 编 ;中国对外翻译出版公司 译 | |
| 分册: | ||
| 出版信息: | 北京 中国对外翻译出版公司 1979 |
|
| 页数: | 113页 | |
| 开本: | 19cm | |
| 丛书名: | ||
| 单 册: | ||
| 中图分类: | D813.2 | |
| 科图分类: | ||
| 主题词: | ||
| 电子资源: | ||
| ISBN: | ||
| 000 | 00707nam0 2200229 45 | |
| 001 | 0179002610 | |
| 005 | 20060728152711.85 | |
| 010 | @dCNY1.00 | |
| 091 | @aCN@b30220.2 | |
| 100 | @a19950713d1979 em y0chiy0121 ea | |
| 101 | 2 | @achi@aeng |
| 102 | @aCN@b110000 | |
| 105 | @ay z 000yy | |
| 200 | 10 | @a联合国概况@Alian he guo gai kuang@e中英文对照@f联合国新闻厅编@g中国对外翻译出版公司译 |
| 210 | @a北京@c中国对外翻译出版公司@d1979 | |
| 215 | @a113页@d19cm | |
| 601 | 02 | @a联合国@x概况 |
| 690 | @aD813.2@v3 | |
| 711 | 02 | @a联合国新闻厅@Alian he guo xin wen ting@4编 |
| 712 | 02 | @a中国对外翻译出版公司@Azhong guo dui fan yi chu ban gong si@4译 |
| 801 | 0 | @aCN@bTSSF@c20060728 |
| 905 | @a10447@dD813.2@e66 | |
| 联合国概况:中英文对照/联合国新闻厅编/中国对外翻译出版公司译.-北京:中国对外翻译出版公司,1979 |
| 113页;19cm |
| ISBN :CNY1.00 |
| ● |
| 相关链接 |
|
|
|
|
正题名:联合国概况
索取号:D813.2/66
 
预约/预借
| 序号 | 登录号 | 条形码 | 馆藏地/架位号 | 状态 | 备注 |
| 1 | 0440482 | 204404821 | 密集书库/ [索取号:D813.2/66] | 在馆 |